000
00319nam a2200121Ia 4500
005
20251222144746.0
008
251222s9999||||xx |||||||||||||| ||spa||
082
_a
335.434.5/P91/T.1
100
_a
Tse-Tung, Mao
245
0
_a
Obras Escogidas de Mao Tse-Tung
264
_b
Ediciones en Lenguas Extranjeras
942
_c
LIB
999
_c
19156
_d
19156